| 000 | 01032cam a2200277Ma 4500 | ||
|---|---|---|---|
| 001 | 52710 | ||
| 005 | 20230410102149.0 | ||
| 008 | 040302s2010 dr a b 000 0 spa d | ||
| 041 | _aspa | ||
| 020 | _a9789945872927 | ||
| 050 | 1 | 4 |
_a118 PQ 7409 _bG261an 2010 |
| 100 | 1 |
_aGatón Arce, Freddy, _d1920-1994. |
|
| 245 | 1 | 0 |
_aAntología / _cFreddy Gatón Arce; selección de Manuel Mora Serrano y Cayo Claudio Espinal. |
| 260 |
_aSanto Domingo : _bDirección General de la Feria del Libro, _c2010. |
||
| 300 |
_a301 p.: _c26cm. |
||
| 440 | 0 | _aColección Ediciones Ferilibro | |
| 500 | _aEsta edición especial antológica con motivo de la XIII Feria Internacional del Libro Santo Domingo 2010 en homenaje a Freddy Gatón Arce, consta de 500 ejemplares numerados. | ||
| 504 | _aIncluye índice y cronología . | ||
| 650 | 4 | _aLiteratura dominicana. | |
| 650 | 4 | _aPoesía dominicana. | |
| 700 | 1 | _aMora Serrano, Manuel. | |
| 700 | 1 | _aEspinal, Cayo Claudio. | |
| 942 |
_2lcc _cbk |
||
| 994 |
_aC0 _bDRFGD |
||
| 946 | _acsexposito | ||
| 999 |
_c20291 _d20291 |
||